Statistics for Country Decoders #3

Click here to take the quiz!

General Stats

  • This quiz has been taken 6,123 times
    (5,638 since last reset)
  • The average score is 24 of 32

Answer Stats

HintAnswer% Correct
SAfrican desertSahara
97%
A2nd largest oceanAtlantic
95%
EMidpoint globe lineEquator
95%
VMountain that eruptsVolcano
93%
IQu'ran's religionIslam
92%
UTop international org{United} Nations
91%
Albania
89%
LRoman languageLatin
89%
Senegal
88%
UNot lowlandUpland
88%
Uruguay
88%
BWild pigBoar
86%
NNot oldNew
86%
Vanuatu
85%
RWhite grain foodRice
84%
USmall Hawaiiaan guitarUkulele
84%
NAtlantic Defense orgNATO
82%
AExtremely oldAncient
81%
ASouthernmost inhabited continentAustralia
78%
LManed catLion
78%
TCapricorn or CancerTropic
78%
AIsland chainArchipelago
72%
NSweet plant liquidNectar
72%
AFarmingAgriculture
70%
ABalkan seaAdriatic
67%
APainting, music; et alArts
65%
UWhere fish and reefs areUnderwater
54%
UApplicable to allUniversal
49%
GPampan cowboyGaucho
43%
EFree from servitudeEmancipate
34%
GHen or pig typeGuinea
30%
YWell-to-do farmerYeoman
17%

Score Distribution

Percentile by Number Answered

Percent of People with Each Score

Your Score History

You have not taken this quiz since the last reset